000 00882 a2200193 4500
001 132201
020 _a85-322-1104-6
040 _cLeonardo Da Vinci
041 _aPortuguês
082 _a372.7 G427a
_bG427a
100 _aGIOVANNI, José Ruy
_aPARENTE, Eduardo
245 _aAprendendo Matemática
250 _av.5
260 _bFTD
_c1993
_aSão Paulo
300 _a288
362 _a19930000
697 _aMatemática
_aNúmeros naturais
_aConjuntos
_aAdição
_aSubtração
_aExpressão numérica
_aMultiplicação
_aDivisão
_aPotenciação
_aRadiciação
_aDivisibilidade
_aMáximo múltiplo comum
_aNúmeros racionais absolutos
_aRepresentação decimal
_aNúmeros decimais
_aGeometria
_aReta
_aMedida
_aÂngulo
_aLinhas
_aPolígonos
_aSistema métrico decimal
_aMedidas
_aComprimento
_aSuperfície
_aFigura geométrica
_aVolume
_aCapacidade
_aMassa
_aEnsino Fundamental 2. ciclo
942 _cBK
999 _c132201
_d132201